00420nam a22001577a 450000500170000001000130001702000260003003500130005603700140006908200060008310000170008924500410010626000360014727000600018330000190024320120831114146.0 aG-002125 a9780140278620c250.00 aG-002085 adplbGift aS aKapur, Manju aDifficult Daughters/cby Manju kapur aNew DelhibPenguin Groupsc1998 a11 Community Centre,Panchsheel Park,bNew Delhie110017 a262 p.c22 cm.